People and Environment. (Record no. 2961)

MARC details
000 -LEADER
fixed length control field 00521nam a22001937a 4500
003 - CONTROL NUMBER IDENTIFIER
control field OSt
005 - DATE AND TIME OF LATEST TRANSACTION
control field 20160204175204.0
008 - FIXED-LENGTH DATA ELEMENTS--GENERAL INFORMATION
fixed length control field 160204b xxu||||| |||| 00| 0 eng d
020 ## - INTERNATIONAL STANDARD BOOK NUMBER
International Standard Book Number 1857282833
040 ## - CATALOGING SOURCE
Transcribing agency DDC.
082 ## - DEWEY DECIMAL CLASSIFICATION NUMBER
Classification number 333.7PEO1995
100 ## - MAIN ENTRY--PERSONAL NAME
Personal name Edited by Steven,Morse;Stoking Michael.
9 (RLIN) 6702
245 ## - TITLE STATEMENT
Title People and Environment.
260 ## - PUBLICATION, DISTRIBUTION, ETC. (IMPRINT)
Place of publication, distribution, etc. London.
Name of publisher, distributor, etc. UCL Press.
Date of publication, distribution, etc. 1995
300 ## - PHYSICAL DESCRIPTION
Extent viii,251p;
Other physical details ill;
Dimensions 23cm.
504 ## - BIBLIOGRAPHY, ETC. NOTE
Bibliography, etc includes index and References.
650 ## - SUBJECT ADDED ENTRY--TOPICAL TERM
Topical term or geographic name as entry element Environment.
9 (RLIN) 1074
942 ## - ADDED ENTRY ELEMENTS (KOHA)
Source of classification or shelving scheme Dewey Decimal Classification
Koha item type Short Loan
Holdings
Withdrawn status Lost status Source of classification or shelving scheme Damaged status Not for loan Home library Current library Date acquired Source of acquisition Inventory number Total Checkouts Full call number Barcode Date last seen Price effective from Koha item type
    Dewey Decimal Classification     MUST Main Library MUST Main Library 04/02/2016   2001/16559   333.7PEO1995 2016-0080 04/02/2016 04/02/2016 Short Loan
    Dewey Decimal Classification     MUST Main Library MUST Main Library 13/04/2016   2001/16560   333.7PEO1995 2016-0825 13/04/2016 13/04/2016 Short Loan